K̲h̲alīl K̲h̲ān̲ Fāk̲h̲tah. (Record no. 80930)

MARC details
000 -LEADER
fixed length control field 00540cam a22002171 4500
001 - CONTROL NUMBER
control field sa 68005748
003 - CONTROL NUMBER IDENTIFIER
control field DLC
005 - DATE AND TIME OF LATEST TRANSACTION
control field 20260227112511.0
008 - FIXED-LENGTH DATA ELEMENTS--GENERAL INFORMATION
fixed length control field 890620s1966 ii 000 0 urd
010 ## - LIBRARY OF CONGRESS CONTROL NUMBER
LC control number sa 68005748
035 ## - SYSTEM CONTROL NUMBER
System control number (OCoLC)19902471
040 ## - CATALOGING SOURCE
Original cataloging agency DLC
Transcribing agency WaU
Modifying agency DLC
042 ## - AUTHENTICATION CODE
Authentication code premarc
050 00 - LIBRARY OF CONGRESS CALL NUMBER
Classification number PK2199.B33
Item number K5 1966
100 0# - MAIN ENTRY--PERSONAL NAME
Personal name Bāqir ʻAlī,
Dates associated with a name 1850-1928.
245 10 - TITLE STATEMENT
Title K̲h̲alīl K̲h̲ān̲ Fāk̲h̲tah.
260 ## - PUBLICATION, DISTRIBUTION, ETC.
Date of publication, distribution, etc. [1966]
300 ## - PHYSICAL DESCRIPTION
Extent 80 p.
Dimensions 19 cm.
500 ## - GENERAL NOTE
General note In Urdu.
700 0# - ADDED ENTRY--PERSONAL NAME
Personal name Zamir Hasan,
Dates associated with a name 1940-

No items available.

Powered by Koha